Loading...
Eureka : An essay on the material and spiritual universe /
The year is 1941. Verna Wilensky has been electrocuted in her bathtub, leaving a lower-middle-class life, no survivors, and a bank account packed with almost a hundred thousand dollars. Mysterious checks have consistently come to her for more than twenty years, most drawn from a bank in San Pietro,...
| Main Author: | |
|---|---|
| Format: | Printed Book |
| Language: | English |
| Published: |
London :
Hesperus Press,
2002.
|
| Subjects: |
| LEADER | 01412nam a22001577a 4500 | ||
|---|---|---|---|
| 008 | 210922b |||||||| |||| 00| 0 eng d | ||
| 020 | |a 9781843910091 | ||
| 100 | |a Poe,Edgar Allan | ||
| 245 | |a Eureka : |b An essay on the material and spiritual universe / |c Edgar Allan Poe | ||
| 260 | |a London : |b Hesperus Press, |c 2002. | ||
| 300 | |a 109 p.; |c 20 cm. | ||
| 520 | |a The year is 1941. Verna Wilensky has been electrocuted in her bathtub, leaving a lower-middle-class life, no survivors, and a bank account packed with almost a hundred thousand dollars. Mysterious checks have consistently come to her for more than twenty years, most drawn from a bank in San Pietro, a town once known as Eureka." "Eureka was a town that used to be a bootlegger's paradise and a gangster's dream. Now it is the rebuilt metropolis where Sheriff Thomas Culhane is launching a bid to be the Golden State's next governor. But something just might threaten his ambitions. As Bannon digs deeper into Wilensky's demise, he unearths a decades-old secret that starts in a shootout, builds to a bloodbath, and could end up within the upper echelons of California's elite, forever changing the destiny of a state."--BOOK JACKET. | ||
| 650 | 7 | |2 fast |9 1140853 |a Prose poems, English | |
| 942 | |c BK | ||
| 999 | |c 361468 |d 361468 | ||
| 952 | |0 0 |1 0 |2 ddc |4 0 |7 3 |9 420459 |a UL |b UL |c PROC |d 2021-09-22 |e Donation -I.G.Bhaskara Panikker Family |l 0 |p G14355 |r 2021-09-22 |w 2021-09-22 |y BK | ||